Bhāratīya parivahana kī samasyāem̐ aura siddhānta. (Record no. 64374)

MARC details
000 -LEADER
fixed length control field 00717cam a22002651 4500
001 - CONTROL NUMBER
control field sa 65005517
003 - CONTROL NUMBER IDENTIFIER
control field DLC
005 - DATE AND TIME OF LATEST TRANSACTION
control field 20260227112138.0
008 - FIXED-LENGTH DATA ELEMENTS--GENERAL INFORMATION
fixed length control field 890908s1964 ii b 000 0 hino
010 ## - LIBRARY OF CONGRESS CONTROL NUMBER
LC control number sa 65005517
035 ## - SYSTEM CONTROL NUMBER
System control number (OCoLC)20316785
040 ## - CATALOGING SOURCE
Original cataloging agency DLC
Transcribing agency WaU
Modifying agency DLC
042 ## - AUTHENTICATION CODE
Authentication code premarc
043 ## - GEOGRAPHIC AREA CODE
Geographic area code a-ii---
050 00 - LIBRARY OF CONGRESS CALL NUMBER
Classification number HE271
Item number .N23
100 1# - MAIN ENTRY--PERSONAL NAME
Personal name Nagar, Vishnu Datt.
245 10 - TITLE STATEMENT
Title Bhāratīya parivahana kī samasyāem̐ aura siddhānta.
260 ## - PUBLICATION, DISTRIBUTION, ETC.
Date of publication, distribution, etc. [1964]
300 ## - PHYSICAL DESCRIPTION
Extent 8, 402 p.
Dimensions 22 cm.
500 ## - GENERAL NOTE
General note In Hindi.
504 ## - BIBLIOGRAPHY, ETC. NOTE
Bibliography, etc. note Includes bibliographies.
650 #0 - SUBJECT ADDED ENTRY--TOPICAL TERM
Topical term or geographic name entry element Transportation
Geographic subdivision India.
700 1# - ADDED ENTRY--PERSONAL NAME
Personal name Guptā, Rāmapratāpa.
740 0# - ADDED ENTRY--UNCONTROLLED RELATED/ANALYTICAL TITLE
Uncontrolled related/analytical title Principles and problems of Indian transport.

No items available.

Powered by Koha